| 000 | 01227nam a22003737a 4500 | ||
|---|---|---|---|
| 003 | CHAP | ||
| 005 | 20220329141056.0 | ||
| 008 | 971013s1990 r 00010 d | ||
| 010 | _a62231 | ||
| 011 | _a63203 | ||
| 035 | _a67379 | ||
| 040 | _cCHAP | ||
| 082 |
_a301.35 _bA74 1990 |
||
| 100 | 0 | 0 |
_aArias, Jacinto. _97079 |
| 245 |
_aSan Pedro Chenalhó _b: algo de su historia, cuentos y costumbres |
||
| 250 | _a2 ed. | ||
| 260 |
_aTuxtla, Gutíerrez, Chiapas : _bGobierno del Estado, _c1990 |
||
| 300 |
_a205 p. _b: ilus. |
||
| 490 | _aNuestros pueblos | ||
| 590 |
_aBATCH-UPD _b10 _c20130110 _lUCH01 _h0220 |
||
| 590 |
_aBATCH-UPD _b10 _c20130110 _lUCH01 _h1332 |
||
| 590 |
_aBATCH-UPD _b10 _c20130409 _lUCH01 _h2240 |
||
| 590 |
_aBATCH-UPD _b10 _c20130914 _lUCH01 _h0921 |
||
| 590 |
_aCONVERSION _b10 _c20130109 _lUCH01 _h1333 |
||
| 650 | 1 | 4 |
_aChiapas _xCultura. _922229 |
| 650 | 1 | 4 |
_aDesarrollo de la comunidad rural _zChiapas. _932034 |
| 650 | 1 | 4 |
_aIndios de Chiapas. _957593 |
| 650 | 1 | 4 |
_aSociología rural _xChiapas. _9108223 |
| 650 | 1 | 4 |
_aTzotziles. _9115758 |
| 830 | 0 |
_aNuestros pueblos _982127 |
|
| 901 | _aBK | ||
| 942 | _cLIBRO | ||
| 949 |
_a301.35 A74 1990 _bBC _cLIBRO _d33724000627311 _eLIBRO _gI.c/e _h91808 _i67379 _si |
||
| 999 |
_c62231 _d62231 |
||